វិទ្យាសាស្រ្ត គីមីវិទ្យា ថ្នាក់ទី ១១ / (Record no. 6892)
[ view plain ]
| 000 -LEADER | |
|---|---|
| fixed length control field | 01729nam a22002417a 4500 |
| 001 - CONTROL NUMBER | |
| control field | 6892 |
| 003 - CONTROL NUMBER IDENTIFIER | |
| control field | FISKH |
| 005 - DATE AND TIME OF LATEST TRANSACTION | |
| control field | 20250605113014.0 |
| 008 - FIXED-LENGTH DATA ELEMENTS--GENERAL INFORMATION | |
| fixed length control field | 250604b cb ||||| |||| 00| 0 eng d |
| 020 ## - INTERNATIONAL STANDARD BOOK NUMBER | |
| International Standard Book Number | 9789995000745 |
| 040 ## - CATALOGING SOURCE | |
| Original cataloging agency | FISKH |
| Language of cataloging | khr |
| Transcribing agency | FISKH |
| Modifying agency | FISKH |
| 082 ## - DEWEY DECIMAL CLASSIFICATION NUMBER | |
| Classification number | 540 |
| 100 ## - MAIN ENTRY--PERSONAL NAME | |
| Personal name | Socheat, Soun |
| 245 ## - TITLE STATEMENT | |
| Title | វិទ្យាសាស្រ្ត គីមីវិទ្យា ថ្នាក់ទី ១១ / |
| Statement of responsibility, etc. | លោក សួន សុជាតិ ,លោកស្រី អន កិត្យាសុី ,លោក ចាន់ ខេង និងលោក មុី សុវុឌ្ឍី |
| 250 ## - EDITION STATEMENT | |
| Edition statement | បោះពុម្ពឆ្នាំ២០២៣ |
| 260 ## - PUBLICATION, DISTRIBUTION, ETC. | |
| Place of publication, distribution, etc. | ភ្នំពេញ : |
| Name of publisher, distributor, etc. | គ្រឺះស្ថានបោះពុម្ពនិងចែកផ្សាយ , |
| Date of publication, distribution, etc. | ២០២៣ . |
| 300 ## - PHYSICAL DESCRIPTION | |
| Extent | 252 pages : |
| Other physical details | illustrations ; |
| Dimensions | 25 cm . |
| 520 ## - SUMMARY, ETC. | |
| Summary, etc. | សៀវភៅគីមីវិទ្យាថ្នាក់ទី១១ គឺជាផ្នែកមួយនៃកម្មវិធីសិក្សាផ្លូវការរបស់ក្រសួងអប់រំ យុវជន និងកីឡា ដែលមានគោលបំណងបង្រៀនសិស្សអំពីគ្រឿងផ្សំ និងចលនារបស់អាតូម និងធាតុគីមីផ្សេងៗ។ |
| 520 ## - SUMMARY, ETC. | |
| Summary, etc. | The Grade 11 Chemistry textbook is part of the official curriculum developed by the Ministry of Education, Youth and Sport of Cambodia. It is designed to teach students about the components and behavior of atoms and various chemical elements. |
| 700 ## - ADDED ENTRY--PERSONAL NAME | |
| Personal name | Phany, Hak |
| Relator term | Illustrator |
| 942 ## - ADDED ENTRY ELEMENTS (KOHA) | |
| Source of classification or shelving scheme | Dewey Decimal Classification |
| Koha item type | Khmer Books |
| Suppress in OPAC | No |
| Withdrawn status | Lost status | Source of classification or shelving scheme | Damaged status | Not for loan | Collection | Home library | Current library | Shelving location | Date acquired | Total Checkouts | Full call number | Barcode | Date last seen | Price effective from | Koha item type |
|---|---|---|---|---|---|---|---|---|---|---|---|---|---|---|---|
| Dewey Decimal Classification | Khmer Language Books / សៀវភៅភាសាខ្មែរ | Footprints International School Library Network Toul Tom Poung Campus | Footprints International School Library Network Toul Tom Poung Campus | TTP Secondary Khmer Bookshelves | 06/04/2025 | SOC 540 | 2025-1486 | 06/04/2025 | 06/04/2025 | Khmer Books |
